000 00710nam a2200277Ia 4500
003 OSt
005 20221006142428.0
006 a|||||r|||| 00| 0
007 ta
008 221006b |||||||| |||| 00| 0 eng d
020 _a028399648X
_c780.00
024 _a6,354
037 _cTextual
040 _aEASL
_cEASL
_beng
041 _2eng
_aeng
082 _aYv41.N, N0
100 _aLOEWE Michaell
_9647718
245 0 _aPride that was China
260 _aNew York
_bSidgwick and Jackson
_c1990
300 _a312p.
_ccm.
490 _v CEL
650 _a CEL
650 _aChina civilzation
_9647719
942 _hYv41.N, N0
_cTEXL
_2CC
999 _c1074440
_d1074440